| 000 | 02206nam a2200565 i 4500 | ||
|---|---|---|---|
| 001 | 55298 | ||
| 003 | KOSZ 005 | ||
| 005 | 20220706141910.0 | ||
| 008 | 220706s2007 pl a f f 000 0 pol | ||
| 015 | _aUWD 2007/20668 | ||
| 020 | _a9788388581304 | ||
| 035 | _a991034653669705066 | ||
| 035 | _a(PL-WaBN)b19327961-48omnis_nlop | ||
| 035 | _ab19327961 | ||
| 035 | _a(OCoLC)838878373 | ||
| 035 | _a(PL)b0000001932796 | ||
| 035 | _a(EXLNZ-48OMNIS_NETWORK)9910173092805606 | ||
| 040 |
_aWA N _cWA N _dKOSZ 005/RW |
||
| 046 | _k2007 | ||
| 080 | _a025 | ||
| 080 | _a021 | ||
| 080 | _a002 | ||
| 100 | 1 |
_aZybert, Elżbieta Barbara _eAutor |
|
| 245 | 1 | 0 |
_aJakość w działalności bibliotek : _boceny, pomiary, narzędzia / _cElżbieta Barbara Zybert ; [recenzent prof. zw. dr hab. Marcin Drzewiecki] ; Centrum Edukacji Bibliotekarskiej, Informacyjnej i Dokumentacyjnej w Warszawie. |
| 246 | 1 | 5 |
_aQuality in library activities : _bevaluation, measurement, instruments |
| 260 |
_aWarszawa : _bCentrum Edukacji Bibliotekarskiej, Informacyjnej i Dokumentacyjnej, _c2007. |
||
| 300 |
_a155, [1] stron : _bilustracje ; _c25 cm. |
||
| 336 |
_aTekst _btxt _2rdacontent |
||
| 337 |
_aBez urządzenia pośredniczącego _bn _2rdamedia |
||
| 338 |
_aWolumin _bnc _2rdacarrier |
||
| 380 | _aKsiążki | ||
| 380 | _aPublikacje fachowe | ||
| 380 | _aPublikacje naukowe | ||
| 388 | 1 | _a2001- | |
| 504 | _aBibliografia na stronach 152-154. | ||
| 546 | _aSpis treści także w języku angielskim. | ||
| 650 | 7 |
_aBibliotekarstwo _2DBN |
|
| 650 | 7 |
_aInformacja naukowa _2DBN |
|
| 650 | 7 |
_aJakość _2DBN |
|
| 650 | 7 |
_aJakość informacji _2DBN |
|
| 650 | 7 |
_aMetody badawcze _2DBN |
|
| 655 | 7 | _aOpracowanie | |
| 658 | _aBibliotekarstwo, archiwistyka, muzealnictwo | ||
| 658 | _aNauka i badania | ||
| 700 | 1 |
_aDrzewiecki, Marcin _d(1948-2012) _eRecenzja |
|
| 710 | 2 |
_aCentrum Edukacji Bibliotekarskiej, Informacyjnej i Dokumentacyjnej (Warszawa) _4pbl |
|
| 856 |
_uhttp://koha.tu.koszalin.pl/cgi-bin/koha/opac-detail.pl?biblionumber=55298 _yKatalog online BPK |
||
| 942 |
_2UKD _cKS |
||
| 999 |
_c55298 _d55298 |
||